The Aristocrats (Record no. 6380)

MARC details
000 -CABECERA
campo de control de longitud fija 01063nam a2200253 a 4500
001 - NÚMERO DE CONTROL
campo de control BRCA_6697
005 - FECHA Y HORA DE LA ÚLTIMA TRANSACCIÓN
campo de control 20190320205546.0
008 - DATOS DE LONGITUD FIJA--INFORMACIÓN GENERAL
campo de control de longitud fija 171011s1901----gw-#######---#000-0#eng-#
041 ## - CÓDIGO DE LENGUA
Código de lengua del texto/banda sonora o título independiente eng
044 ## - CÓDIGO DEL PAÍS DE LA ENTIDAD EDITORA/PRODUCTORA
Código MARC del país gw
050 #4 - SIGNATURA TOPOGRÁFICA DE LA BIBLIOTECA DEL CONGRESO
Número de clasificación PZ3
Número de documento/Ítem .B75 3 1901
245 10 - MENCIÓN DE TÍTULO
Título The Aristocrats
Resto del título being the impressions of the lady Helen Pole during her sojourn in the Great North woods as spontaneously recorded in her letters to her friend in North Britain the countess of Edge and Ross.
260 ## - PUBLICACIÓN, DISTRIBUCIÓN, ETC.
Lugar de publicación, distribución, etc. Leipzig, Alemania
Nombre del editor, distribuidor, etc. Bernhard Tauchnitz
Fecha de publicación, distribución, etc. 1901
300 ## - DESCRIPCIÓN FÍSICA
Extensión 287 p.
Dimensiones 17 cm.
440 #0 - MENCIÓN DE SERIE/PUNTO DE ACCESO ADICIONAL--TÍTULO
Título Collection of British authors. Tauchnitz edition
Designación de volumen o secuencia v. 3514
9 (RLIN) 16741
500 ## - NOTA GENERAL
Nota general Estado físico: Primer cuadernillo desprendido, costura floja
500 ## - NOTA GENERAL
Nota general En la cubierta: Collection of British and American authors
500 ## - NOTA GENERAL
Nota general Ver también CEF6, H144, L2, L16, L17, L18, L19, L20, L22, L23, L24, L25, L26, L27, L32, L166, N9, N11, N12, N13 y N17
500 ## - NOTA GENERAL
Nota general L15
650 14 - PUNTO DE ACCESO ADICIONAL DE MATERIA--TÉRMINO DE MATERIA
Término de materia o nombre geográfico como elemento de entrada Literatura inglesa
9 (RLIN) 16742
650 14 - PUNTO DE ACCESO ADICIONAL DE MATERIA--TÉRMINO DE MATERIA
Término de materia o nombre geográfico como elemento de entrada Literatura americana
9 (RLIN) 16743
902 ## - CATALOGADOR
Iniciales GFM
942 ## - ELEMENTOS DE PUNTO DE ACCESO ADICIONAL (KOHA)
Fuente del sistema de clasificación o colocación Library of Congress Classification
Tipo de ítem Koha Libros
Holdings
Estado de retiro Estado de pérdida Estado dañado No para préstamo Localización permanente Ubicación/localización actual Fecha de adquisición Número de inventario Total de préstamos Signatura topográfica completa Código de barras Fecha visto por última vez Precio válido a partir de Tipo de ítem Koha
El ejemplar forma parte de la colección y puede ser consultado según las políticas vigentes.       Biblioteca del Museo Franz Mayer (Rogerio Casas-Alatriste) Biblioteca del Museo Franz Mayer (Rogerio Casas-Alatriste) 17/10/2011 L15   PZ3 .B75 3 1901 (L15) 7144 22/03/2019 22/03/2019 Libros